000 00486ntaaa2200193 4500
003 01
005 20251027202348.0
008 0714s1973 ag 01
040 _aAR-BaBN
_bspa
_cAR-BaBN
_eaacr
_dRIC
082 _a282.0000 D45
100 _aDesanctis, Luigi
_922323
245 _aRoma papal
250 _a1 ed.
260 _aBuenos Aires :
_bJunta Bautista de Publicaciones,
_c1920
300 _a265 p
650 _acatolicismo
_9316
650 _ahistoria eclesiƔstica
942 _cBK
999 _c18511
_d18511